000 00396 a2200169 4500
001 72196
020 _a852810317X
040 _cAnchieta - Colégio São Paulo
100 _aStrausz, Rosa Amanda
240 1 0 _aUólace e João Victor
_lpor
245 1 0 _aUólace e João Victor
300 _a71
362 0 _a1999
440 1 _aSalamandra
650 4 _aLiteratura infanto-juvenil
942 _cBK
999 _c72196
_d72196